=LDR 00000nam 2200000 4500 =001 001127 =005 20250713055104 =035 ##$$a 0010-0725001011 =007 ta =008 250713################a##########0#ind## =020 ##$$a 978-623-307-185-7 =082 ##$$a 398. 209 598 =084 ##$$a 398. 209 598 DHO u =100 #$$a Dhonna, RF. =245 1#$$a Uuuh, Sebel! /$c RF. Dhonna =250 ##$$a Cetakan Pertama =260 ##$$a Jakarta Timur :$b Badan Pengembangan dan Pembinaan Bahasa,$c 2024 =300 ##$$a 24 hlm. : $b Ilus. ; $c 29,7 cm =650 #4$$a Cerita Anak-Indonesia =650 #4$$a Literasi-Bahan Bacaan =990 ##$$a TBM202400675